000 00633 a2200253 4500
003 DLC
005 20260401130011.0
008 2026s2026 xx 000 0 eng d
020 _a9781041102243
040 _aDLC
_beng
050 4 _aR724 .G56 2026
082 0 4 _a174.2
100 1 _aGlorioso, Dominic
_eauthor.
245 1 0 _aApplying Ethical Principles to Clinical Practice
_cGlorioso, Dominic.
264 1 _bRoutledge
_c2026
300 _ax, 337p.
336 _2CC
338 _2CC
650 0 _aMedical ethics
650 0 _aBioethics
650 0 _aClinical medicine
650 0 _aProfessional ethics
942 _2lcc
_cBK
999 _c44239
_d44239